Grid computing: (Record no. 3963)

MARC details
000 -LEADER
fixed length control field 00694nam a2200229Ia 4500
003 - CONTROL NUMBER IDENTIFIER
control field OSt
005 - DATE AND TIME OF LATEST TRANSACTION
control field 20220107122741.0
008 - FIXED-LENGTH DATA ELEMENTS--GENERAL INFORMATION
fixed length control field 130318s9999 xx 000 0 und d
020 ## - INTERNATIONAL STANDARD BOOK NUMBER
International Standard Book Number 9788126527229
040 ## - CATALOGING SOURCE
Transcribing agency IIITM-K
082 ## - DEWEY DECIMAL CLASSIFICATION NUMBER
Classification number 005.276 BER/G;1
245 ## - TITLE STATEMENT
Title Grid computing:
Remainder of title Making the global infrastructure a reality
Statement of responsibility, etc. edited by Fran Berman; Geoffrey C Fox; Anthony J.G Hey
260 ## - PUBLICATION, DISTRIBUTION, ETC.
Name of publisher, distributor, etc. Wiley,
Place of publication, distribution, etc. New Delhi,
Date of publication, distribution, etc. 2003.
300 ## - PHYSICAL DESCRIPTION
Extent xlvi, 1012p.
650 ## - SUBJECT ADDED ENTRY--TOPICAL TERM
Topical term or geographic name entry element COMPUTER SCIENCE
9 (RLIN) 4552
650 ## - SUBJECT ADDED ENTRY--TOPICAL TERM
Topical term or geographic name entry element GRID COMPUTING
9 (RLIN) 4553
650 ## - SUBJECT ADDED ENTRY--TOPICAL TERM
Topical term or geographic name entry element COMPUTATIONAL GRID
9 (RLIN) 4554
700 ## - ADDED ENTRY--PERSONAL NAME
Personal name Berman, Fran
9 (RLIN) 4555
700 ## - ADDED ENTRY--PERSONAL NAME
Personal name Fox, Geoffrey C
9 (RLIN) 4556
700 ## - ADDED ENTRY--PERSONAL NAME
Personal name Hey, Anthony J.G
9 (RLIN) 4557
942 ## - ADDED ENTRY ELEMENTS (KOHA)
Source of classification or shelving scheme Dewey Decimal Classification
Koha item type Books
Holdings
Withdrawn status Lost status Source of classification or shelving scheme Damaged status Not for loan Collection code Home library Current library Shelving location Date acquired Cost, normal purchase price Total Checkouts Full call number Barcode Date last seen Date last checked out Price effective from Koha item type
    Dewey Decimal Classification     Grid Computing Kerala University of Digital Sciences, Innovation and Technology Knowledge Centre Kerala University of Digital Sciences, Innovation and Technology Knowledge Centre Computer Science 26/04/2014 494.00 2 005.276 BER/G;1 3630 03/12/2020 04/08/2014 26/04/2014 Books